| 000 | 00373nam a2200145Ia 4500 | ||
|---|---|---|---|
| 008 | 150201s2011 xx 000 0 und d | ||
| 082 |
_a617.6 _bB2011G |
||
| 100 | _aH.S.GROVER | ||
| 245 | _aBIOPHYSICAL STUDIES OF GINGIVAL EPITHELEIUM | ||
| 250 | _a1ST | ||
| 260 |
_bLANBERT PUBLICATION _aU.S.A _c2011 |
||
| 300 | _aJan-70 | ||
| 650 | _aGENERAL DENTISTRY | ||
| 942 |
_2ddc _cBK |
||
| 999 |
_c4781 _d4781 |
||